000
00204 a2200097 4500
001
7862
100
_a
Newby, E
245
_a
A short walk in the Hindu kush
260
_a
_b
Secker
_c
090
_c
6308
_d
6308
942
_a
NUST-CAE
_c
M
_c
32832
999
_c
242935
_d
242935